बिखरे चित्र (Record no. 31275)

MARC details
000 -LEADER
fixed length control field 00314nam a22001217a 4500
003 - CONTROL NUMBER IDENTIFIER
control field SGT
082 ## - DEWEY DECIMAL CLASSIFICATION NUMBER
Classification number 891.4309
Item number B01A
100 ## - MAIN ENTRY--PERSONAL NAME
Personal name आज़ाद, ए. आर.
245 ## - TITLE STATEMENT
Title बिखरे चित्र
260 ## - PUBLICATION, DISTRIBUTION, ETC. (IMPRINT)
Name of publisher, distributor, etc एक एक कतरा प्रकाशन
Year of Publication 2001
300 ## - PAGE DESCRIPTION
No. of Pages 112
942 ## - ADDED ENTRY ELEMENTS (KOHA)
Source of classification or shelving scheme Dewey Decimal Classification
Koha item type Books
Holdings
Withdrawn status Lost status Source of classification or shelving scheme Damaged status Not for loan Home library Current library Shelving location Date acquired SGTU Total Checkouts Full call number Accession No. (Barcode) Date last seen Bill Date Koha item type
    Dewey Decimal Classification   Not For Loan SGT Chancellor's Library SGT Chancellor's Library Reference Book 07/06/2025 SGTU   891.4309 B01A CH3225 07/06/2025 07/06/2025 Books